Champion de France Volley-ball - Statistiques

Statistiques générales
  • Ce quiz a été pris 8 fois
    5 depuis la dernière actualisation
  • Le résultat moyen est 4 sur 15
Statistiques - réponses
Question Réponse % Correct
Qui a été champion en 2022 ? Montpellier
60%
Qui a été champion en 2020 ? Non attribué
60%
Qui a été champion en 2023 ? Tours
60%
Qui a été champion en 2018 ? Tours
40%
Qui a été champion en 2021 ? Cannes
20%
Qui a été champion en 2017 ? Chaumont
20%
Qui a été champion en 2011 ? Poitiers
20%
Qui a été champion en 2024 ? Saint-Nazaire
20%
Qui a été champion en 2025 ? Tours
20%
Qui a été champion en 2019 ? Tours
20%
Qui a été champion en 2015 ? Tours
20%
Qui a été champion en 2014 ? Tours
20%
Qui a été champion en 2013 ? Tours
20%
Qui a été champion en 2012 ? Tours
20%
Qui a été champion en 2016 ? Paris
0%
Aucun quiz correspondant
Distribution des résultats
% des personnes avec chaque résultat
Percentile par nombre de réponses
Votre historique - résultats
Vous n’avez pas pris ce quiz depuis la dernière actualisation